Adult teacher. (Record no. 18229)

000 -LEADER
fixed length control field 00605nam a22001457a 4500
008 - FIXED-LENGTH DATA ELEMENTS--GENERAL INFORMATION
fixed length control field 120411t xxu||||| |||| 00| 0 eng d
050 ## - LIBRARY OF CONGRESS CALL NUMBER
Classification number BX 8765.5
Item number .A3 A38 vol.6
245 ## - TITLE STATEMENT
Title Adult teacher.
260 ## - PUBLICATION, DISTRIBUTION, ETC. (IMPRINT)
Place of publication, distribution, etc Springfield, Mo.
Name of publisher, distributor, etc Gospel Publishing House
Date of publication, distribution, etc 1983.
300 ## - PHYSICAL DESCRIPTION
Extent 384 p.
Dimensions 25 cm.
440 ## - SERIES STATEMENT/ADDED ENTRY--TITLE
Title The word of life series of adult Bible lessons based on outlines from the Evangelical Curriculum Commission.
9 (RLIN) 2381
650 ## - SUBJECT ADDED ENTRY--TOPICAL TERM
Topical term or geographic name as entry element Christian education
General subdivision Textbooks for adults
-- Assemblies of God.
9 (RLIN) 2382
650 ## - SUBJECT ADDED ENTRY--TOPICAL TERM
Topical term or geographic name as entry element Christian education
General subdivision Textbooks for young people
-- Assemblies of God.
9 (RLIN) 2383
942 ## - ADDED ENTRY ELEMENTS (KOHA)
Source of classification or shelving scheme
Item type Books
Copies
Not for loan Koha item type Date last seen Shelving location Copy number Source of classification or shelving scheme Current location Full call number Withdrawn status Lost status Date acquired Damaged status Barcode Permanent location Price effective from
 Books2012-04-11General Stacks1 RHEMA Bible Training CollegeBX 8765.5 .A3 A38 vol.6  2012-04-11 22584RHEMA Bible Training College2012-04-11